000 00976nam a2200373 a 4500
003 AR-BaBNM
005 20251128203836.0
008 082120s2002 ||||||||||||||000 | spa||
040 _cAR-BaBNM
245 0 0 _aEl enigma metropolitano
250 _a1ª ed.
260 _aBuenos Aires
_bEdiciones Infinito
_c1970
300 _a382 p.
_bgráfs.
490 0 _aBiblioteca de planeamiento y vivienda
_vv. 13
650 4 _aURBANISMO
650 4 _aSOCIOLOGIA URBANA
650 4 _aDEMOGRAFIA
650 4 _aGEOGRAFIA HUMANA
650 4 _aMEDIO AMBIENTE
650 4 _aPROBLEMAS SOCIALES
650 4 _aDELITOS
651 4 _aEstados Unidos
700 1 _aWilson, James Q.
_ecompilador
700 1 _aKain, John F.
700 1 _aMeyer, John R.
700 1 _aNetzer, Dick
700 1 _aRevelle, Roger
700 1 _aTilly, Charles
700 1 _aBurchard, John
700 1 _aBanfield, Edward C.
700 1 _aMoynihan, Daniel P.
942 _cBK
998 _cMARTIN
999 _c5139
_d5139